000
00197 a2200097 4500
001
11668
100
_a
Azam, S.M
245
_a
Quaid Azam & Education
260
_a
_b
NIHCR
_c
090
_c
8978
_d
8978
942
_a
NUST-CAE
_c
M
_c
35797
999
_c
246741
_d
246741